Estatísticas para Os 15 principais países com mortes por Covid19 - 21 de junho

Clique aqui para jogar o quiz

Estatísticas Gerais

  • Esse quiz foi jogado 2 vezes
  • A pontuação média é 15 de 20

Estatísticas das Respostas

país% Correto
Alemanha
100%
Brasil
100%
Canadá
100%
Chile
100%
Espanha
100%
Estados Unidos
100%
França
100%
Índia
100%
Itália
100%
México
100%
Reino Unido
100%
Rússia
100%
Bélgica
50%
Países Baixos
50%
Peru
50%
Suécia
50%
Suíça
50%
Equador
0%
Irão
0%
Irlanda
0%

Distribuição das Pontuações

Percentil de Números Respondidos

Porcentagem de Pessoas com Cada Pontuação

Sua Pontuação Histórica

Você não jogou esse quiz